000 01048nam a2200277Ia 4500
003 OSt
005 20220923230444.0
006 a|||||r|||| 00| 0
007 ta
008 220922b |||||||| |||| 00| 0 san d
020 _c100
024 _a282,103
037 _b184, 24/10/2014, Vidyanidhi Prakashan
_cTextual
040 _aARTS
_cARTS
_bsan
041 _2san
_asan
082 _aO15,1N17x, 152P2
100 _a्रमिश्र, प्रकाशचन्द
_9156285
245 0 _aप्रकाशकिरणावली
246 _aPrakāshakiraṇāvalī
260 _aदिल्ली
_b देववाणी परिषद
_c2002
300 _a94पृ0
_ccm.
490 _aदेववाणी - परिषद्, दिल्ली; ग्रन्थांक - 15
650 _aसंस्कृत साहित्य
942 _hO15,1N17x, 152P2
_cTEXL
_2CC
999 _c384934
_d384934